| 000 | 00858nam a2200241Ia 4500 | ||
|---|---|---|---|
| 003 | OSt | ||
| 005 | 20220923225945.0 | ||
| 006 | a|||||r|||| 00| 0 | ||
| 007 | ta | ||
| 008 | 220922b |||||||| |||| 00| 0 hin d | ||
| 024 | _a276,282 | ||
| 037 | _cTextual | ||
| 040 |
_aARTS _cARTS _bhin |
||
| 041 |
_2hin _ahin |
||
| 082 | _aR625x7,1, 152L8;M4 | ||
| 100 |
_aमुसलगांवकर, श्रीगजानन शास्त्री, अनु. _9168875 |
||
| 245 | 0 | _aन्यायसिद्धान्तमुक्तावली | |
| 246 | _aNyāyasiddhāntamuktāvalī | ||
| 260 | _c1978 | ||
| 650 | _aभारतीय दर्शन | ||
| 942 |
_hR625x7,1, 152L8;M4 _cTEXL _2CC |
||
| 999 |
_c381582 _d381582 |
||